00401nam a22001457a 4500003000400000008004100004020001800045082001200063100002000075245006200095250001700157260004000174300000800214650003300222OSt220115b ||||| |||| 00| 0 eng d a81-8416-007-0 a611 GOE aGOYAL, Ramesh K aElements of Human anatomy Physiology and Health Education a31th Edition aAhmedabadbB.S.Shah Prakashanc2022 a408 aHuman Anatomy and Physiology